IR Spectroscopy : An Introduction

Salvato in:
Dettagli Bibliografici
Autori principali: Günzler, Helmut (Autore), Gremlich, Hans-Ulrich (Autore)
Natura: Libro
Lingua:inglese
Pubblicazione: Weinheim : Wiley-VCH, 2002
Soggetti:
Tags: Aggiungi Tag
Nessun Tag, puoi essere il primo ad aggiungerne!!

MARC

LEADER 00000nam a22000003a 4500
001 stu112474
005 20190206124121.1
008 060303s2002----gw------------------eng-d
020 |a 3-527-28896-1 
040 |a STU  |b slo 
041 0 |a eng 
044 |a gw 
080 |a 543.42  |7 A000003321 
100 1 |a Günzler, Helmut  |4 aut 
245 1 |a IR Spectroscopy :  |b An Introduction 
260 |a Weinheim :  |b Wiley-VCH,  |c 2002 
300 |a 361 s 
650 7 |a spektroskopia  |2 stusub 
700 1 |a Gremlich, Hans-Ulrich  |4 aut 
996 |b 284M071893  |c M*11850-2  |l MMKN  |s A  |a 24  |w stu112474_0001 
996 |b 284M072385  |c M*11850-1  |l MMKN  |s A  |a 24  |w stu112474_0002